000 00573pam a2200217 a 4500
001 1879336
005 20180206045752.0
008 831118s1984 njua b 001 0 eng
010 _a 83024749
020 _a0134878361
040 _aDLC
_cDLC
_dDLC
041 _aeng
080 _a658.1511 HOR
082 0 0 _a658.1511 HOR
_219
100 1 _a62
101 _aKM
245 1 0 _aIntroduction to management accounting /
_cCharles T. Horngren.
504 _aIncludes bibliographies and index.
906 _a7
_bcbc
_corignew
_d1
_eocip
_f19
_gy-gencatlg
942 _2ddc
_cBK
999 _c41909
_d41909